Loreto College Library, Kolkata
WEBOPAC (ONLINE PUBLIC ACCESS CATALOGUE)

Napoleon's campaigns in Italy 1796 - 1797 & 1800 (Record no. 25073)

MARC details
000 -LEADER
fixed length control field 00549nam a2200193Ia 4500
008 - FIXED-LENGTH DATA ELEMENTS--GENERAL INFORMATION
fixed length control field 131103s9999 xx 000 0 und d
040 ## - CATALOGING SOURCE
Original cataloging agency Loreto College
041 ## - LANGUAGE CODE
Language code English
082 ## - DDC | ডিউই
Classification number | বর্গসংখ্যা 944.05/BUR
Book Number | গ্রন্থাঙ্ক LCLIB/
100 ## - MAIN ENTRY--PERSONAL NAME | মুখ্য সংলেখ - ব্যাক্তিনাম
Personal name | ব্যাক্তিনাম Burton, R G
245 ## - TITLE STATEMENT | অাখ্যা বিবরণী
Title | অাখ্যা Napoleon's campaigns in Italy 1796 - 1797 & 1800
Statement of responsibility | লেখকের দায়িত্বের বিবরণ R G Burton
260 ## - IMPRINT | প্রকাশনা ক্ষেত্র
Place of publication | প্রকাশ স্থান London
Name of publisher | প্রকাশকের নাম George Allen & Unwin
Date of publication | প্রকাশ কাল 1953
300 ## - PHYSICAL DESCRIPTION |
Page / Vol. No | পৃষ্ঠা / খন্ড সংখ্যা x,142p.
Other physical details | অনান্য বাহ্যিক বিবরণ ill.
440 ## - SERIES STATEMENT |গ্রন্থমালা
Series Title | গ্রন্থমালা অাখ্যা Special campaign series; No.15
650 ## - SUBJECT ADDED ENTRY--TOPICAL TERM | বিষয় শিরোনাম - মূল বিষয়
Topical term | মূল বিষয় History
651 ## - SUBJECT ADDED ENTRY--GEOGRAPHIC NAME | বিষয় শিরোনাম - ভৌগলিক নাম
Geographic name | ভৌগলিক বিষয় France - History
850 ## - HOLDING INSTITUTION
Holding institution LCLIB/944.05/BUR
942 ## - ADDED ENTRY ELEMENTS (KOHA)
Koha item type Books
Holdings
Withdrawn status Lost status Damaged status Not for loan Home library Current library Date acquired Total Checkouts Full call number Accession No. Date last seen Price effective from Koha item type
        Loreto College Loreto College 04/11/2013   944.05/BUR LCLIB/ B27872 04/11/2013 04/11/2013 Books